The Early enrichment project in Turkey = Le Projet de renforcement précoce des potentialités de l'enfant en Turquie/ by Cigdem Kagitcibasi. (Record no. 134434)
[ view plain ]
| 000 -CABECERA | |
|---|---|
| campo de control de longitud fija | 00689nam a2200193 a 4500 |
| 005 - FECHA Y HORA DE LA ÚLTIMA TRANSACCIÓN | |
| campo de control | 20210219160300.0 |
| 008 - ELEMENTOS DE LONGITUD FIJA--INFORMACIÓN GENERAL | |
| campo de control de longitud fija | 081006s2000 mx r 000 0 spa d |
| 035 ## - NÚMERO DE CONTROL DEL SISTEMA | |
| Número de control de sistema | UPN01000162321 |
| 049 ## - COLECCIÓN | |
| Colección | UNE |
| 080 ## - NÚMERO DE CLASIFICACIÓN DECIMAL UNIVERSAL | |
| Número de la Clasificación Decimal Universal | 372.3 (560)=20 =40 KAG No.193. |
| 100 1# - ASIENTO PRINCIPAL--NOMBRE PERSONAL | |
| Nombre de persona | Kagitcibasi, Cigdem |
| 245 14 - MENCIÓN DE TÍTULO | |
| Título | The Early enrichment project in Turkey = Le Projet de renforcement précoce des potentialités de l'enfant en Turquie/ by Cigdem Kagitcibasi. |
| 260 ## - PUBLICACIÓN, DISTRIBUCIÓN, ETC. | |
| Lugar de publicación, distribución, etc. | Paris : UNESCO; New York : UNICEF; Rome : WFP, 1991. |
| 300 ## - DESCRIPCIÓN FÍSICA | |
| Extensión | 50 p. |
| 440 #0 - MENCIÓN DE SERIE/ASIENTO SECUNDARIO--TÍTULO | |
| Título | Notes, comments...; 193 |
| 690 ## - PUNTO DE ACCESO ADICIONAL DE MATERIA LOCAL--TÉRMINO DE MATERIA (OCLC, RLIN) | |
| Término de materia o nombre geográfico como elemento inicial | Niños de edad preescolar- Turquia |
| 690 ## - PUNTO DE ACCESO ADICIONAL DE MATERIA LOCAL--TÉRMINO DE MATERIA (OCLC, RLIN) | |
| Término de materia o nombre geográfico como elemento inicial | Primera infancia- Educacion- Turquia |
| 905 ## - TIPO DE MATERIAL | |
| Tipo de material | UNESCO |
No items available.
